[Event "Int. Stuttgarter Stadtmeisterschaft B"]
[Site "Ditzingen"]
[Date "2018.05.10"]
[Round "2.5"]
[White "Bitzenauer, Sebastian"]
[Black "Shahisavandi, Abdollah"]
[Result "1-0"]
[WhiteElo "1880"]
[BlackElo "1813"]
[PlyCount "67"]
[EventDate "2018.??.??"]
[WhiteTeam "SV Altbach"]
[BlackTeam "Karlsruher SF"]

1. c4 c5 2. Nc3 Nc6 3. g3 g6 4. Bg2 Bg7 5. d3 Nf6 6. Nf3 d6 7. Bd2 Bd7 8. Qc1
h5 9. a3 a6 10. Rb1 Qc8 11. Na4 Qc7 12. b4 b5 13. cxb5 axb5 14. Nc3 Na7 15.
bxc5 dxc5 16. Ne5 Rb8 17. Bf4 Qa5 18. Nc4 Qd8 19. Bxb8 Qxb8 20. Ne3 Qe5 21.
Ncd5 Qd6 22. Nxf6+ Bxf6 23. Nd5 Bg7 24. Qf4 Be5 25. Qd2 Bc6 26. e4 b4 27. axb4
Nb5 28. O-O cxb4 29. Qxb4 Qe6 30. Qc5 Bd4 31. Qxb5 Kf8 32. Qc4 Be5 33. f4 Bg7
34. Rb8+ 1-0

[Event "Int. Stuttgarter Stadtmeisterschaft B"]
[Site "Ditzingen"]
[Date "2018.05.10"]
[Round "2.6"]
[White "Butenandt, Svenja"]
[Black "Kaufhold, Stephan"]
[Result "1-0"]
[WhiteElo "1709"]
[BlackElo "1857"]
[PlyCount "83"]
[EventDate "2018.??.??"]
[WhiteTeam "FC Bayern München"]
[BlackTeam "SC Böblingen"]

1. d4 d5 2. c4 g6 3. cxd5 Qxd5 4. Nc3 Qa5 5. Nf3 Nf6 6. Qa4+ Qxa4 7. Nxa4 Bg7
8. Bf4 c6 9. e3 O-O 10. Bd3 Nh5 11. Be5 f6 12. Bc7 Bg4 13. Nc5 Rc8 14. Bg3 Nxg3
15. hxg3 b6 16. Bc4+ Kh8 17. Ne6 a5 18. Nf4 Bf5 19. Nh4 Bf8 20. Nhxg6+ Bxg6 21.
Nxg6+ Kg7 22. Be6 Rd8 23. Nf4 Rd6 24. Bf5 h6 25. Ne6+ Kf7 26. Nxf8 Kxf8 27.
Rxh6 Kg7 28. Rh7+ Kf8 29. Ke2 e6 30. Be4 f5 31. Bf3 Ke8 32. Rah1 Rd7 33. Rh8+
Ke7 34. Bxc6 Nxc6 35. Rxa8 Kd6 36. Re8 Rc7 37. Rh6 Ne7 38. Kd3 Kd7 39. Rf8 Rc1
40. Rh7 Kd6 41. Rd8+ Kc7 42. Re8 1-0

[Event "Int. Stuttgarter Stadtmeisterschaft B"]
[Site "Ditzingen"]
[Date "2018.05.10"]
[Round "2.7"]
[White "Lang, Thomas"]
[Black "Michna, Marcus"]
[Result "1/2-1/2"]
[WhiteElo "1796"]
[BlackElo "1749"]
[PlyCount "39"]
[EventDate "2018.??.??"]
[WhiteTeam "SG Schwäbisch Gmünd"]
[BlackTeam "TSF Ditzingen"]

1. e4 e6 2. d4 d5 3. Nd2 Nf6 4. e5 Nfd7 5. f4 c5 6. c3 Nc6 7. Ne2 Be7 8. Nf3 f6
9. g3 fxe5 10. dxe5 b5 11. Bh3 Nb6 12. O-O O-O 13. a3 Bd7 14. b4 Nc4 15. bxc5
Bxc5+ 16. Ned4 Nxd4 17. cxd4 Be7 18. Qd3 Qb6 19. Bd2 a5 20. Rfb1 1/2-1/2

[Event "Int. Stuttgarter Stadtmeisterschaft B"]
[Site "Ditzingen"]
[Date "2018.05.10"]
[Round "2.8"]
[White "Radek, Dieter"]
[Black "Wallinger, Lukas"]
[Result "0-1"]
[WhiteElo "1878"]
[BlackElo "1677"]
[PlyCount "72"]
[EventDate "2018.??.??"]
[WhiteTeam "SV Reutlingen"]
[BlackTeam "SV Unterkochen"]

1. e4 d5 2. exd5 Qxd5 3. Nf3 Nf6 4. d4 c6 5. Be2 Bg4 6. O-O e6 7. c4 Qa5 8. Nc3
Be7 9. Bf4 O-O 10. a3 Nbd7 11. h3 Bh5 12. b4 Qd8 13. d5 cxd5 14. cxd5 Rc8 15.
d6 Rxc3 16. dxe7 Qxe7 17. Bd6 Qd8 18. Bxf8 Qxf8 19. Qd4 Qc8 20. Rfe1 a6 21. Ne5
Bxe2 22. Nxd7 Nxd7 23. Rxe2 Nf6 24. Re3 Rc4 25. Qd1 h6 26. Rg3 Qc7 27. Qd2 Ne4
28. Qe1 Nxg3 29. fxg3 Kf8 30. g4 Ke7 31. Rd1 Rc2 32. Kh1 f6 33. a4 Qc3 34. Qe4
Qc6 35. Qf3 Rc3 36. Qe2 Rxh3+ 0-1

[Event "Int. Stuttgarter Stadtmeisterschaft B"]
[Site "Ditzingen"]
[Date "2018.05.10"]
[Round "2.9"]
[White "Rudhart, Michael"]
[Black "Muratovic, Hajrudin"]
[Result "0-1"]
[WhiteElo "1846"]
[BlackElo "1858"]
[PlyCount "104"]
[EventDate "2018.??.??"]
[WhiteTeam "DJK Stuttgart-Süd"]
[BlackTeam "SC Schachmatt Botnang"]

1. d4 d5 2. c4 c6 3. e3 g6 4. Nc3 Bg7 5. Bd3 Nf6 6. Nge2 O-O 7. O-O Nbd7 8.
cxd5 cxd5 9. Qb3 Nb6 10. a4 Qc7 11. Nb5 Qc6 12. Bd2 Be6 13. Rfc1 Nc4 14. Bb4
Rfe8 15. Nf4 a6 16. Na3 b5 17. axb5 axb5 18. Be1 Bd7 19. Nc2 g5 20. Nb4 Qd6 21.
Ne2 Ng4 22. Ng3 h5 23. Nf1 e5 24. h3 Nh6 25. Rxa8 Rxa8 26. dxe5 Bxe5 27. Bc3 g4
28. hxg4 Nxg4 29. Bxe5 Qxe5 30. Bxc4 dxc4 31. Qc3 Qf5 32. f3 Ne5 33. e4 Qg5 34.
Rd1 Bh3 35. Rd2 Ra1 36. Rf2 Rc1 37. f4 Rxc3 38. fxg5 Rb3 39. Nd5 Bg4 40. Nf6+
Kg7 41. Nxg4 hxg4 42. Rc2 Nd3 43. Ne3 Nxb2 44. Nf5+ Kg6 45. Nd4 Rd3 46. Nxb5 g3
47. Kf1 Nd1 48. Ke2 Ne3 49. Rxc4 Rb3 50. Rc5 Nxg2 51. Nc3 Nf4+ 52. Kf3 g2 0-1

[Event "Int. Stuttgarter Stadtmeisterschaft B"]
[Site "Ditzingen"]
[Date "2018.05.10"]
[Round "2.10"]
[White "Jäger, Hans-Ulrich"]
[Black "Rühl, Volker"]
[Result "1/2-1/2"]
[WhiteElo "1800"]
[BlackElo "1801"]
[PlyCount "83"]
[EventDate "2018.??.??"]
[WhiteTeam "SC Sillenbuch"]
[BlackTeam "VfL Sindelfingen"]

1. e4 g6 2. d4 Bg7 3. Nc3 c5 4. Be3 Qa5 5. Be2 Nc6 6. Nf3 cxd4 7. Nxd4 Nf6 8.
Qd2 h5 9. h3 d6 10. Bf3 Bd7 11. Nxc6 bxc6 12. a3 Rb8 13. O-O O-O 14. b4 Qc7 15.
Rad1 a5 16. Bg5 axb4 17. axb4 Be6 18. Rfe1 Rfe8 19. Ne2 Nd7 20. Nd4 Ne5 21. Be2
Bc4 22. f4 Bxe2 23. Rxe2 Nd7 24. Kh1 Rb7 25. f5 c5 26. bxc5 dxc5 27. Nf3 Ne5
28. Nxe5 Bxe5 29. fxg6 fxg6 30. Qd5+ Kg7 31. Rf1 e6 32. Qc4 Rb4 33. Qd3 Rf8 34.
Ree1 Rxf1+ 35. Rxf1 Rb7 36. Qf3 Qf7 37. Bh6+ Kg8 38. Qe2 Qd7 39. Qc4 Kh7 40.
Bg5 Qb5 41. Rf7+ Kg8 42. Qxb5 1/2-1/2

[Event "Int. Stuttgarter Stadtmeisterschaft B"]
[Site "Ditzingen"]
[Date "2018.05.10"]
[Round "2.11"]
[White "Speh, Hans"]
[Black "Kobald, Matthias"]
[Result "1/2-1/2"]
[WhiteElo "1830"]
[BlackElo "1705"]
[PlyCount "62"]
[EventDate "2018.??.??"]
[WhiteTeam "TSV Willsbach"]
[BlackTeam "SV Stuttgart-Wolfbusch"]

1. e4 c5 2. d3 Nc6 3. Nc3 g6 4. Be3 d6 5. Qd2 Bg7 6. Nge2 Nd4 7. Bxd4 cxd4 8.
Nd1 Qb6 9. b3 Bh6 10. f4 e5 11. g3 Be6 12. Nb2 Ne7 13. h4 O-O-O 14. Bh3 Bxh3
15. Rxh3 Kb8 16. Nc4 Qc5 17. Qa5 Qxa5+ 18. Nxa5 Bg7 19. Nc4 h5 20. a4 f6 21.
Kd2 d5 22. exd5 Nxd5 23. Rf1 Rhf8 24. Rh2 Bh6 25. Rhf2 Rfe8 26. Kc1 a6 27. Kb2
Re7 28. fxe5 fxe5 29. Rf7 Rdd7 30. Rxe7 Rxe7 31. Rf3 Rc7 1/2-1/2

[Event "Int. Stuttgarter Stadtmeisterschaft B"]
[Site "Ditzingen"]
[Date "2018.05.10"]
[Round "2.12"]
[White "Liu, Sijia Anna"]
[Black "Sami, Sami"]
[Result "1/2-1/2"]
[WhiteElo "1761"]
[BlackElo "1827"]
[PlyCount "48"]
[EventDate "2018.??.??"]
[WhiteTeam "SV Stuttgart-Wolfbusch"]
[BlackTeam "VfL Sindelfingen"]

1. e4 c6 2. d4 d5 3. Nc3 dxe4 4. Nxe4 Bf5 5. Ng3 Bg6 6. h4 h6 7. Nf3 Nd7 8. h5
Bh7 9. Bd3 Bxd3 10. Qxd3 Ngf6 11. Bd2 e6 12. O-O-O Be7 13. c4 O-O 14. Ne4 Nxe4
15. Qxe4 Nf6 16. Qe2 b5 17. g4 bxc4 18. g5 c3 19. Bxc3 Nd5 20. Bd2 hxg5 21.
Rdg1 Rb8 22. Bxg5 Bxg5+ 23. Rxg5 Qf6 24. Qe5 Qxe5 1/2-1/2

[Event "Int. Stuttgarter Stadtmeisterschaft B"]
[Site "Ditzingen"]
[Date "2018.05.10"]
[Round "2.13"]
[White "Khamenya, Vitalia"]
[Black "Gauer, Jakob"]
[Result "1-0"]
[WhiteElo "1789"]
[BlackElo "1758"]
[PlyCount "99"]
[EventDate "2018.??.??"]
[WhiteTeam "SK Gräfelfing"]
[BlackTeam "SC Ostfildern"]

1. e4 c5 2. d4 cxd4 3. c3 d3 4. Bxd3 d6 5. c4 Nc6 6. Nc3 e6 7. Nf3 g6 8. Be3 a6
9. O-O Nf6 10. h3 Qc7 11. Rc1 Qb8 12. Na4 Nd7 13. Bf4 e5 14. Be3 Be7 15. Nc3
Nf6 16. a3 O-O 17. b4 b6 18. Nd5 Bd8 19. Bxb6 Nxd5 20. cxd5 Ne7 21. Bxd8 Rxd8
22. Nd2 Bd7 23. Nc4 Bb5 24. Na5 Rc8 25. Rxc8+ Qxc8 26. Bxb5 axb5 27. Qd3 Qd7
28. Rc1 f5 29. Nc6 fxe4 30. Qxb5 Nf5 31. Nd4 Qxb5 32. Nxb5 Nd4 33. Nxd4 exd4
34. Ra1 Rb8 35. Kf1 Kf7 36. f4 exf3 37. gxf3 Kf6 38. Rb1 Ke5 39. b5 Kxd5 40. a4
Kc5 41. Ke2 Kc4 42. Kd2 Kc5 43. Kd3 d5 44. f4 Rb6 45. h4 Rf6 46. b6 Rf8 47. b7
Rb8 48. a5 Kc6 49. a6 Kc7 50. a7 1-0

[Event "Int. Stuttgarter Stadtmeisterschaft B"]
[Site "Ditzingen"]
[Date "2018.05.10"]
[Round "2.14"]
[White "Rashba, David"]
[Black "Zimmermann, Tobias"]
[Result "1-0"]
[WhiteElo "1699"]
[BlackElo "1797"]
[PlyCount "143"]
[EventDate "2018.??.??"]
[WhiteTeam "SC Sillenbuch"]
[BlackTeam "SC Schachmatt Botnang"]

1. d4 Nf6 2. Bf4 g6 3. e3 Bg7 4. h3 O-O 5. Nf3 d6 6. Be2 c5 7. c3 Qb6 8. Qb3
Be6 9. Qc2 cxd4 10. exd4 Nc6 11. O-O Rac8 12. Be3 Bf5 13. Qb3 Nd7 14. Nbd2 Na5
15. Qxb6 Nxb6 16. Rfe1 a6 17. Bg5 Rfe8 18. Bf1 e5 19. dxe5 dxe5 20. Ne4 Bxe4
21. Rxe4 Nbc4 22. Rb1 b5 23. Nd2 f5 24. Nxc4 bxc4 25. Ree1 h6 26. Be3 Nb7 27.
Rbd1 Bf8 28. Rd7 Nd6 29. Bxh6 Rcd8 30. Rxd8 Rxd8 31. Bxf8 Kxf8 32. Rxe5 Kf7 33.
Rd5 Ke7 34. Rd4 Rb8 35. Rd2 Rb6 36. Be2 Ne4 37. Rc2 Nd6 38. Kf1 Kf6 39. Ke1 Ke5
40. Kd1 a5 41. Kc1 Rc6 42. Bf1 Kf4 43. Rd2 Ke5 44. Re2+ Kf6 45. Rd2 Ke5 46. Rd4
Rc8 47. Be2 Rc7 48. Bf3 Rc5 49. Kc2 a4 50. b4 axb3+ 51. axb3 cxb3+ 52. Kxb3
Rb5+ 53. Kc2 Rc5 54. Rb4 Nb5 55. c4 Nd4+ 56. Kd3 Nxf3 57. gxf3 Kf4 58. Kd4 Ra5
59. Rb3 Ra4 60. Kd5 Ra1 61. c5 Rd1+ 62. Kc6 Ke5 63. Kb6 Kd5 64. c6 Kd6 65. c7
Rc1 66. Rd3+ Ke7 67. Rd5 Ke6 68. Rc5 Rxc5 69. Kxc5 Kd7 70. Kb6 Kc8 71. Kc6 g5
72. Kd6 1-0

[Event "Int. Stuttgarter Stadtmeisterschaft B"]
[Site "Ditzingen"]
[Date "2018.05.10"]
[Round "2.15"]
[White "Rautenberg, Uwe"]
[Black "Grozea, Filip"]
[Result "0-1"]
[WhiteElo "1909"]
[BlackElo "1604"]
[PlyCount "114"]
[EventDate "2018.??.??"]
[WhiteTeam "SC Ingersheim e.V."]
[BlackTeam "SV Mattnetz Berlin"]

1. d4 c5 2. d5 d6 3. c4 g6 4. Nc3 Nf6 5. e4 Bg7 6. g3 O-O 7. Bg2 a6 8. Nge2 e6
9. O-O exd5 10. exd5 Bf5 11. Bg5 Qb6 12. Qd2 Nbd7 13. b3 Rfe8 14. Rad1 Ne5 15.
Na4 Qc7 16. Bxf6 Bxf6 17. Nb2 Re7 18. Nc1 Rae8 19. h3 Bxh3 20. Qf4 Bf5 21. Nbd3
Nxd3 22. Nxd3 Bd4 23. Bf3 Qd7 24. g4 Be4 25. Kg2 f5 26. Qg5 fxg4 27. Bxe4 Rxe4
28. Rde1 Qf7 29. Rxe4 Rxe4 30. f3 Re2+ 31. Kg3 Re3 32. Nf4 Be5 33. Kxg4 Bxf4
34. Qxf4 h5+ 35. Kg3 Qxf4+ 36. Kxf4 Re2 37. a4 Kf7 38. a5 Kf6 39. b4 g5+ 40.
Kg3 cxb4 41. Rb1 Re3 42. Kf2 Rc3 43. Rxb4 Ke5 44. Rxb7 Rxc4 45. Rb6 Kxd5 46.
Rxa6 h4 47. Kg2 Rc2+ 48. Kh3 Rf2 49. Kg4 Rg2+ 50. Kf5 Rg3 51. Ra8 h3 52. a6 Kc6
53. Rb8 Rxf3+ 54. Kxg5 Ra3 55. Ra8 Kb6 56. Rd8 Rd3 57. Ra8 h2 0-1

[Event "Int. Stuttgarter Stadtmeisterschaft B"]
[Site "Ditzingen"]
[Date "2018.05.10"]
[Round "2.16"]
[White "Pfeilsticker, Thorsten"]
[Black "Schömbs, Oliver"]
[Result "1-0"]
[WhiteElo "1642"]
[BlackElo "1817"]
[PlyCount "113"]
[EventDate "2018.??.??"]
[WhiteTeam "SV Stuttgart-Wolfbusch"]
[BlackTeam "SC Ingersheim e.V."]

1. d4 Nf6 2. c4 g6 3. Nc3 Bg7 4. e4 d6 5. h3 a6 6. Nf3 O-O 7. Be3 c6 8. Be2 b5
9. b3 b4 10. e5 dxe5 11. dxe5 Nfd7 12. Na4 Qc7 13. Rc1 Rd8 14. Qd2 c5 15. e6
fxe6 16. Rd1 Nc6 17. O-O Bb7 18. Qc2 Nce5 19. Ng5 Qc6 20. f3 Bh6 21. Rfe1 Rf8
22. Qc1 Bxg5 23. Bxg5 Rf7 24. Qe3 Raf8 25. Bh6 Re8 26. Bf4 Rf5 27. g4 Rxf4 28.
Qxf4 Rf8 29. Qe3 Rxf3 30. Bxf3 Nxf3+ 31. Kf2 Nd4 32. Qg3 e5 33. Re3 Qf6+ 34.
Kg1 Qc6 35. Kh2 Nf6 36. Rf1 Ne4 37. Rxe4 Qxe4 38. Qf2 Nf3+ 39. Qxf3 Qxf3 40.
Rxf3 Bxf3 41. Nxc5 a5 42. Kg3 Bd1 43. Nd7 Bxb3 44. axb3 a4 45. c5 axb3 46. c6
b2 47. c7 b1=Q 48. c8=Q+ Kf7 49. Nxe5+ Kg7 50. Nf3 Qe4 51. Qc5 Kg8 52. Qd4 Qb7
53. Qc4+ Kf8 54. Ne5 Kg7 55. Qf7+ Kh6 56. Qf8+ Kg5 57. h4# 1-0

[Event "Int. Stuttgarter Stadtmeisterschaft B"]
[Site "Ditzingen"]
[Date "2018.05.10"]
[Round "2.17"]
[White "Conrady, Philipp"]
[Black "Eberhard, Michael"]
[Result "0-1"]
[WhiteElo "1734"]
[BlackElo "1702"]
[PlyCount "120"]
[EventDate "2018.??.??"]
[BlackTeam "Heilbronner SV"]

1. d4 d5 2. c4 c6 3. Nc3 Nf6 4. Nf3 Bf5 5. e3 e6 6. Nh4 Bg6 7. Nxg6 hxg6 8. Bd3
Nbd7 9. b3 Bb4 10. Bb2 Qc7 11. h3 dxc4 12. bxc4 Nb6 13. Qb3 Be7 14. a4 O-O 15.
a5 Nbd7 16. O-O Kh7 17. f4 Rfd8 18. c5 Nxc5 19. Bxg6+ fxg6 20. dxc5 Bxc5 21.
Rf3 Rd3 22. Kf2 Rxe3 23. Rxe3 Qxf4+ 24. Kg1 Bxe3+ 25. Kh1 Qc7 26. Ne2 Nd5 27.
Rf1 Qe7 28. Nd4 Rf8 29. Nf3 Qb4 30. Qxb4 Nxb4 31. Ba3 c5 32. Re1 Nd5 33. Rxe3
Nxe3 34. Bxc5 Rxf3 35. gxf3 Nc4 36. Bxa7 Nxa5 37. Bd4 b5 38. Bc3 Nc6 39. Kg2 b4
40. Ba1 Na5 41. Kg3 Nc4 42. Kf4 b3 43. Bc3 b2 44. Bxb2 Nxb2 45. Ke5 Nd3+ 46.
Kxe6 Nf4+ 47. Ke5 Nxh3 48. f4 Kh6 49. Ke4 Kh5 50. Kf3 Kh4 51. Kg2 Kg4 52. Kh2
Nxf4 53. Kg1 Kf3 54. Kh2 g5 55. Kg1 g4 56. Kh1 g3 57. Kg1 g2 58. Kh2 Ne2 59.
Kh3 g1=Q 60. Kh4 Qg4# 0-1

[Event "Int. Stuttgarter Stadtmeisterschaft B"]
[Site "Ditzingen"]
[Date "2018.05.10"]
[Round "2.18"]
[White "Fechner, Andreas"]
[Black "Hahn, Martin"]
[Result "1/2-1/2"]
[WhiteElo "1727"]
[BlackElo "1767"]
[PlyCount "60"]
[EventDate "2018.??.??"]
[WhiteTeam "SC Magstadt"]
[BlackTeam "SF Oeffingen e.V."]

1. d4 b6 2. c4 Nf6 3. Nf3 Bb7 4. e3 e6 5. Nc3 Bb4 6. Bd2 O-O 7. Bd3 c5 8. a3
Bxc3 9. Bxc3 d6 10. Qc2 Nbd7 11. O-O-O Qc7 12. h4 Rfe8 13. Ng5 h6 14. Ne4 Nxe4
15. Bxe4 Bxe4 16. Qxe4 Nf6 17. Qd3 Rad8 18. dxc5 dxc5 19. Qc2 e5 20. Rxd8 Rxd8
21. Rd1 Rxd1+ 22. Kxd1 Qd7+ 23. Ke1 Qe6 24. Qd3 g6 25. g3 Kg7 26. e4 a5 27. Bd2
Qg4 28. Bc3 Qe6 29. Bd2 a4 30. Bc3 Kh7 1/2-1/2

[Event "Int. Stuttgarter Stadtmeisterschaft B"]
[Site "Ditzingen"]
[Date "2018.05.10"]
[Round "2.19"]
[White "Koss, Dietrich"]
[Black "Thomas, Leonhard"]
[Result "0-1"]
[WhiteElo "1999"]
[BlackElo "1642"]
[PlyCount "73"]
[EventDate "2018.??.??"]
[WhiteTeam "SF Möglingen 1976"]
[BlackTeam "SV Fellbach"]

1. e4 e5 2. f4 exf4 3. Nf3 d5 4. exd5 Qxd5 5. Nc3 Qe6+ 6. Be2 Bd6 7. d4 Qg6 8.
Bd3 Qh5 9. Qe2+ Ne7 10. Ne4 Qh6 11. Bd2 Bg4 12. O-O-O Nbc6 13. c3 O-O-O 14. Nf2
f5 15. h3 Bxf3 16. Qxf3 g6 17. Bb5 Nb8 18. Nd3 c6 19. Bc4 g5 20. Rde1 Qg7 21.
Ne5 Bxe5 22. Rxe5 Nd7 23. Be6 Kc7 24. Ra5 Kb8 25. Re1 b6 26. Ra3 Nf8 27. Qe2
Rd6 28. Bxf5 Nxf5 29. Qe8+ Kb7 30. Re5 Nd7 31. Qh5 Nxe5 32. Qe2 Re8 33. dxe5
Rxe5 34. Qa6+ Kb8 35. c4 Qd7 36. Bc3 Re2 37. c5 0-1

[Event "Int. Stuttgarter Stadtmeisterschaft B"]
[Site "Ditzingen"]
[Date "2018.05.10"]
[Round "2.20"]
[White "Volk, Oskar"]
[Black "Braun, Tobias"]
[Result "1/2-1/2"]
[WhiteElo "1617"]
[BlackElo "1725"]
[PlyCount "28"]
[EventDate "2018.??.??"]
[WhiteTeam "SC Grunbach"]
[BlackTeam "SSV Zuffenhausen"]

1. e4 c6 2. d4 d5 3. exd5 cxd5 4. Bd3 Nf6 5. Nf3 Bg4 6. O-O e6 7. Bf4 Bd6 8.
Bxd6 Qxd6 9. c3 O-O 10. Nbd2 Nc6 11. Re1 a6 12. a4 Rab8 13. a5 Qc7 14. Qa4 Bxf3
1/2-1/2

[Event "Int. Stuttgarter Stadtmeisterschaft B"]
[Site "Ditzingen"]
[Date "2018.05.11"]
[Round "3.1"]
[White "Unger, Franz"]
[Black "Butenandt, Svenja"]
[Result "1/2-1/2"]
[WhiteElo "1978"]
[BlackElo "1709"]
[PlyCount "70"]
[EventDate "2018.??.??"]
[WhiteTeam "SK Sachsenheim"]
[BlackTeam "FC Bayern München"]

1. e4 c5 2. Nf3 d6 3. d4 cxd4 4. Qxd4 Nc6 5. Bb5 Bd7 6. Bxc6 Bxc6 7. Nc3 Nf6 8.
Bg5 e6 9. O-O-O Be7 10. Qd3 O-O 11. Nd4 d5 12. e5 Nd7 13. Bxe7 Qxe7 14. Rde1
Qg5+ 15. Qe3 Qxe3+ 16. Rxe3 Nb6 17. b3 Rac8 18. Kb2 Rfe8 19. Ncb5 Bxb5 20. Nxb5
Rc5 21. Nd6 Rb8 22. Rc3 Rxc3 23. Kxc3 Nc8 24. Nb5 a6 25. Nd4 Ne7 26. Kb4 Rc8
27. Rc1 Nc6+ 28. Nxc6 Rxc6 29. c4 Kf8 30. c5 Ke7 31. Rc3 Kd7 32. h3 h6 33. f4
Ke7 34. Rg3 g6 35. Rc3 h5 1/2-1/2

[Event "Int. Stuttgarter Stadtmeisterschaft B"]
[Site "Ditzingen"]
[Date "2018.05.11"]
[Round "3.2"]
[White "Wallinger, Lukas"]
[Black "Winkler, Tim"]
[Result "1/2-1/2"]
[WhiteElo "1677"]
[BlackElo "1903"]
[PlyCount "66"]
[EventDate "2018.??.??"]
[WhiteTeam "SV Unterkochen"]
[BlackTeam "SF Deizisau"]

1. e4 d6 2. d4 g6 3. Nf3 Bg7 4. c4 Nd7 5. Nc3 c5 6. Be3 cxd4 7. Bxd4 Ngf6 8.
Be2 b6 9. e5 dxe5 10. Nxe5 Bb7 11. Bf3 Bxf3 12. Qxf3 O-O 13. O-O Qc7 14. Nxd7
Nxd7 15. Bxg7 Kxg7 16. b3 Nf6 17. Rfe1 Rfd8 18. h3 a6 19. Qe3 Rd7 20. Na4 Rb8
21. c5 b5 22. Nb6 Nd5 23. Qd4+ e5 24. Qxe5+ Qxe5 25. Rxe5 Nxb6 26. cxb6 Rxb6
27. Kf1 Rbd6 28. Rae1 Rd2 29. R5e2 Kf6 30. g3 h6 31. Rxd2 Rxd2 32. Re2 Rd1+ 33.
Kg2 Ra1 1/2-1/2

[Event "Int. Stuttgarter Stadtmeisterschaft B"]
[Site "Ditzingen"]
[Date "2018.05.11"]
[Round "3.3"]
[White "Oliva, Jan"]
[Black "Rashba, David"]
[Result "1/2-1/2"]
[WhiteElo "1841"]
[BlackElo "1699"]
[PlyCount "86"]
[EventDate "2018.??.??"]
[BlackTeam "SC Sillenbuch"]

1. c4 c6 2. Nf3 d5 3. b3 Bf5 4. Bb2 e6 5. e3 Nf6 6. Nc3 Be7 7. d4 Nbd7 8. Bd3
Bxd3 9. Qxd3 h6 10. O-O O-O 11. Rfe1 Qb6 12. Rad1 dxc4 13. Qxc4 Rfe8 14. Na4
Qa5 15. Bc3 Qd8 16. Nc5 Qc7 17. b4 Nd5 18. Bb2 N7b6 19. Qb3 Nd7 20. a4 Nxc5 21.
dxc5 Bf6 22. Nd2 Bxb2 23. Qxb2 Nf6 24. Nc4 Red8 25. Nd6 Ne8 26. Nxe8 Rxe8 27.
Rd3 Rad8 28. Red1 Rd5 29. e4 Rxd3 30. Rxd3 Rd8 31. Qd2 Rxd3 32. Qxd3 e5 33. g3
Kf8 34. b5 Ke7 35. Qc3 Ke6 36. Kf1 Qd7 37. Ke2 cxb5 38. Qb3+ Ke7 39. axb5 Qd4
40. Qd5 Qb2+ 41. Ke1 Qb1+ 42. Kd2 Qb2+ 43. Ke1 Qb1+ 1/2-1/2

[Event "Int. Stuttgarter Stadtmeisterschaft B"]
[Site "Ditzingen"]
[Date "2018.05.11"]
[Round "3.4"]
[White "Grozea, Filip"]
[Black "Bitzenauer, Sebastian"]
[Result "0-1"]
[WhiteElo "1604"]
[BlackElo "1880"]
[PlyCount "76"]
[EventDate "2018.??.??"]
[WhiteTeam "SV Mattnetz Berlin"]
[BlackTeam "SV Altbach"]

1. e4 c5 2. b3 d6 3. Bb2 Nf6 4. Bb5+ Bd7 5. Bxd7+ Nbxd7 6. Nc3 g6 7. f4 Bg7 8.
d3 Qa5 9. Nge2 O-O 10. O-O e6 11. h3 b5 12. Qe1 c4 13. f5 Rae8 14. g4 b4 15.
Nd1 cxd3 16. cxd3 exf5 17. gxf5 Qb6+ 18. Kh2 d5 19. Ng3 Qd6 20. Kh1 a5 21. a3
Nc5 22. e5 Qb8 23. Nf2 Nfd7 24. d4 Nxb3 25. Qd1 Nxa1 26. Nh5 gxh5 27. Rg1 Qb6
28. Qxh5 Kh8 29. Ng4 Qd8 30. Bc1 Rg8 31. Qxf7 Qh4 32. Nh2 Qe4+ 33. Rg2 Bxe5 34.
Ng4 Bb8 35. Qxd7 Rxg4 36. hxg4 Qe1+ 37. Rg1 Qh4+ 38. Kg2 Qg3+ 0-1

[Event "Int. Stuttgarter Stadtmeisterschaft B"]
[Site "Ditzingen"]
[Date "2018.05.11"]
[Round "3.5"]
[White "Muratovic, Hajrudin"]
[Black "Pfeilsticker, Thorsten"]
[Result "1-0"]
[WhiteElo "1858"]
[BlackElo "1642"]
[PlyCount "83"]
[EventDate "2018.??.??"]
[WhiteTeam "SC Schachmatt Botnang"]
[BlackTeam "SV Stuttgart-Wolfbusch"]

1. d4 b5 2. e4 Bb7 3. f3 a6 4. c4 bxc4 5. Bxc4 e6 6. Qb3 Qc8 7. Nh3 Nc6 8. Qe3
Be7 9. O-O Na5 10. Bd3 c5 11. Qe1 Nc6 12. d5 Nb4 13. Bc4 exd5 14. exd5 Bxd5 15.
Bxd5 Nxd5 16. Qe5 Ngf6 17. Nc3 Qc7 18. Qg5 Nxc3 19. bxc3 O-O 20. Rd1 d6 21. Qf5
Qc8 22. Qd3 Qc6 23. Re1 Qd5 24. Qxd5 Nxd5 25. c4 Bf6 26. Rb1 Nb4 27. Bf4 Nd3
28. Red1 Bd4+ 29. Kf1 Nxf4 30. Nxf4 Rab8 31. Ne2 Be3 32. Nc3 Rb4 33. Nd5 Rxb1
34. Rxb1 Rd8 35. Nxe3 g6 36. Rb6 f5 37. Rxa6 Kf7 38. Ra7+ Ke6 39. Ke2 Rb8 40.
f4 Rb2+ 41. Kf3 h6 42. Nd5 1-0

[Event "Int. Stuttgarter Stadtmeisterschaft B"]
[Site "Ditzingen"]
[Date "2018.05.11"]
[Round "3.6"]
[White "Eberhard, Michael"]
[Black "Khamenya, Vitalia"]
[Result "0-1"]
[WhiteElo "1702"]
[BlackElo "1789"]
[PlyCount "72"]
[EventDate "2018.??.??"]
[WhiteTeam "Heilbronner SV"]
[BlackTeam "SK Gräfelfing"]

1. d4 Nf6 2. c4 g6 3. Nc3 Bg7 4. e4 d6 5. f4 O-O 6. Nf3 Na6 7. Be2 c5 8. d5 Nc7
9. O-O Bd7 10. e5 Nfe8 11. Be3 a6 12. Qd2 b5 13. Rae1 Bh8 14. Ne4 bxc4 15. Bxc4
Bb5 16. b3 Ng7 17. a4 Bxc4 18. bxc4 Nf5 19. Bf2 Qd7 20. Qc2 Rab8 21. Rb1 a5 22.
Nc3 Rb4 23. Rxb4 axb4 24. Nb5 Ra8 25. Re1 Nxb5 26. cxb5 Qa7 27. Ra1 Qc7 28.
exd6 exd6 29. Ra2 Qe7 30. Ng5 Ne3 31. Qe4 Qxe4 32. Nxe4 b3 33. Re2 Nc4 34. Nxd6
Nxd6 35. Bxc5 b2 36. Re1 Rxa4 0-1

[Event "Int. Stuttgarter Stadtmeisterschaft B"]
[Site "Ditzingen"]
[Date "2018.05.11"]
[Round "3.7"]
[White "Dallinger, Moritz"]
[Black "Lerche, Philipp"]
[Result "1-0"]
[WhiteElo "1570"]
[BlackElo "1694"]
[PlyCount "81"]
[EventDate "2018.??.??"]
[WhiteTeam "SV Stuttgart-Wolfbusch"]
[BlackTeam "SC Weiße Dame Ulm e.V."]

1. a3 Nf6 2. c4 g6 3. b4 Bg7 4. Bb2 O-O 5. e3 d6 6. Be2 Nbd7 7. f4 Re8 8. g4 e5
9. g5 exf4 10. gxf6 fxe3 11. dxe3 Nxf6 12. Bd4 Ne4 13. Nf3 g5 14. Bxg7 Kxg7 15.
Qd4+ Kg8 16. Nbd2 c5 17. bxc5 Nxc5 18. h4 Ne6 19. Qd5 Qe7 20. Nxg5 Nxg5 21.
Qxg5+ Qxg5 22. hxg5 Rxe3 23. Kf2 Re5 24. Nf3 Rc5 25. Bd3 Bf5 26. Bxf5 Rxf5 27.
Rh5 d5 28. Rah1 Rc8 29. Rxh7 Rxc4 30. Rh8+ Kg7 31. Re8 Rcf4 32. Rh3 d4 33. Re7
Ra5 34. Kg3 Rff5 35. Rxb7 Rxa3 36. Kg4 Rd5 37. Nh4 d3 38. Nf5+ Rxf5 39. Kxf5 d2
40. Rh1 Rd3 41. Rd1 1-0

[Event "Int. Stuttgarter Stadtmeisterschaft B"]
[Site "Ditzingen"]
[Date "2018.05.11"]
[Round "3.8"]
[White "Thomas, Leonhard"]
[Black "Hannemann, Manfred"]
[Result "1/2-1/2"]
[WhiteElo "1642"]
[BlackElo "1734"]
[PlyCount "31"]
[EventDate "2018.??.??"]
[WhiteTeam "SV Fellbach"]
[BlackTeam "SK Neustadt"]

1. e4 c6 2. d4 d5 3. Bd3 dxe4 4. Bxe4 Nf6 5. Bf3 h6 6. h3 Bf5 7. Nc3 e6 8. Nge2
Nbd7 9. O-O Bd6 10. Bf4 Qc7 11. Bxd6 Qxd6 12. Ng3 Bg6 13. a3 O-O 14. Re1 Qc7
15. Nce4 Rfd8 16. c3 1/2-1/2

[Event "Int. Stuttgarter Stadtmeisterschaft B"]
[Site "Ditzingen"]
[Date "2018.05.11"]
[Round "3.9"]
[White "Schreiber, Stephan"]
[Black "Franz, Franz Theodor"]
[Result "0-1"]
[WhiteElo "1735"]
[BlackElo "1349"]
[PlyCount "76"]
[EventDate "2018.??.??"]
[WhiteTeam "SC Schachmatt Botnang"]
[BlackTeam "SV Mattnetz Berlin"]

1. d4 Nf6 2. Bf4 g6 3. e3 Bg7 4. Be2 O-O 5. h3 d6 6. Nf3 Nbd7 7. Nbd2 c5 8. c3
b6 9. O-O Bb7 10. Re1 Rc8 11. Qa4 a6 12. Rad1 b5 13. Qc2 Qb6 14. dxc5 Nxc5 15.
a3 a5 16. Bh2 b4 17. Nc4 b3 18. Qxg6 Qa7 19. Qg5 Be4 20. Nd4 Bg6 21. Bf3 Nd3
22. Nxa5 Nxe1 23. Rxe1 Rc5 24. Nac6 Qc7 25. Qg3 Ne4 26. Bxe4 Bxe4 27. Nb4 Rxc3
28. Nb5 Rc1 29. f3 Qc5 30. Nc3 Qxe3+ 31. Kf1 Rxe1+ 32. Qxe1 Qxe1+ 33. Kxe1
Bxc3+ 34. Kd1 Bxf3+ 35. gxf3 Bxb2 36. Bf4 Bxa3 37. Bd2 Rc8 38. Nd3 b2 0-1